书目信息 |
| 题名: |
罗盛教
|
|
| 作者: | 杨闻宇 著 | |
| 分册: | ||
| 出版信息: | 上海 少年儿童出版社 1982 |
|
| 页数: | 190页 | |
| 开本: | 19cm | |
| 丛书名: | 青年英雄故事丛书 | |
| 单 册: | ||
| 中图分类: | I287.51 | |
| 科图分类: | ||
| 主题词: | 儿童文学-革命故事--中国--现代 , 革命故事-儿童文学--中国--现代 | |
| 电子资源: | ||
| ISBN: | ||
| 000 | 00750nam2 2200277 45 | |
| 001 | 0182002224 | |
| 005 | 20040408153923.2 | |
| 010 | @dCNY0.38 | |
| 091 | @aR10024.3977 | |
| 100 | @a19950621d1982 demy0chiy0121 ea | |
| 101 | 0 | @achi |
| 102 | @aCN@b310000 | |
| 105 | @af z 000fd | |
| 106 | @ar | |
| 200 | 10 | @a罗盛教@Aluo sheng jiao@f杨闻宇著 |
| 210 | @a上海@c少年儿童出版社@d1982 | |
| 215 | @a190页@c插图@d19cm | |
| 225 | 2 | @a青年英雄故事丛书 |
| 410 | 0 | @120010@a青年英雄故事丛书 |
| 606 | @a儿童文学-革命故事@y中国@z现代 | |
| 606 | @a革命故事-儿童文学@y中国@z现代 | |
| 690 | @aI287.51@v3 | |
| 701 | 0 | @a杨闻宇@Ayang wen yu@4著 |
| 801 | 0 | @aCN@b上海图书馆@c20040408 |
| 801 | 2 | @aCN@bNLC@c20040408 |
| 905 | @f1@b89706@dI287.51@e103 | |
| 罗盛教/杨闻宇著.-上海:少年儿童出版社,1982 |
| 190页:插图;19cm.-(青年英雄故事丛书) |
| ISBN :CNY0.38 |
| ● |
| 相关链接 |
|
|
|
|
正题名:罗盛教
索取号:I287.51/103
 
预约/预借
| 序号 | 登录号 | 条形码 | 馆藏地/架位号 | 状态 | 备注 |
| 1 | 0089706 | 000893750 | 第二借阅区/ [索取号:I287.51/103] | 在馆 | |
| 2 | 0089707 | 000893769 | 第一样本阅览室/ [索取号:I287.51/103] | 在馆 |